000
00333nam a2200145Ia 4500
008
150201s2002 xx 000 0 und d
082
_a
540
_b
C02I
100
_a
INAMDAR , MADHURI
245
_a
CHEMISTRY FOR NURSES
250
_a
1ST
260
_b
VORA PUB.
_a
MUMBAI
_c
2002
300
_a
106
650
_a
CHEMISTRY
942
_2
ddc
_c
BK
999
_c
1883
_d
1883